Un psychanalyste au-delà des frontières (notice n° 1648252)

détails MARC
000 -LEADER
fixed length control field 01370cam a2200205 4500500
005 - DATE AND TIME OF LATEST TRANSACTION
control field 20260208003541.0
041 ## - LANGUAGE CODE
Language code of text/sound track or separate title fre
042 ## - AUTHENTICATION CODE
Authentication code dc
100 10 - MAIN ENTRY--PERSONAL NAME
Personal name Blévis, Marcianne
Relator term author
245 00 - TITLE STATEMENT
Title Un psychanalyste au-delà des frontières
260 ## - PUBLICATION, DISTRIBUTION, ETC.
Date of publication, distribution, etc. 2017.<br/>
500 ## - GENERAL NOTE
General note 13
520 ## - SUMMARY, ETC.
Summary, etc. Enracinées dans la clinique, les théorisations de Michel de M’Uzan se sont toujours portées sur les conditions qui favorisent les véritables mutations psychiques d’une psychanalyse. Un « flottement des frontières » ou scandale identitaire, en permettant l’imbrication des inconscients entre psychanalyste et patient, donne naissance à une entité commune appelée « chimère des inconscients » qui est le véritable moteur de l’analyse. S’élabore un lieu proprement commun où se réinventent des relations nouvelles entre penser, rêver et agir, afin que ce scandale économique libère le sujet de la tyrannie du réel qu’exprime la domination de pensées opératoires exclusivement factuelles.
690 ## - LOCAL SUBJECT ADDED ENTRY--TOPICAL TERM (OCLC, RLIN)
Topical term or geographic name as entry element chimère des inconscients
690 ## - LOCAL SUBJECT ADDED ENTRY--TOPICAL TERM (OCLC, RLIN)
Topical term or geographic name as entry element dégagement identitaire
690 ## - LOCAL SUBJECT ADDED ENTRY--TOPICAL TERM (OCLC, RLIN)
Topical term or geographic name as entry element scandale économique
690 ## - LOCAL SUBJECT ADDED ENTRY--TOPICAL TERM (OCLC, RLIN)
Topical term or geographic name as entry element scandale identitaire
786 0# - DATA SOURCE ENTRY
Note Les Lettres de la SPF | 38 | 2 | 2017-12-06 | p. 121-130 | 1281-0797
856 41 - ELECTRONIC LOCATION AND ACCESS
Uniform Resource Identifier <a href="https://shs.cairn.info/revue-les-lettres-de-la-spf-2017-2-page-121?lang=fr&redirect-ssocas=7080">https://shs.cairn.info/revue-les-lettres-de-la-spf-2017-2-page-121?lang=fr&redirect-ssocas=7080</a>

Pas d'exemplaire disponible.

PLUDOC

PLUDOC est la plateforme unique et centralisée de gestion des bibliothèques physiques et numériques de Guinée administré par le CEDUST. Elle est la plus grande base de données de ressources documentaires pour les Étudiants, Enseignants chercheurs et Chercheurs de Guinée.

Adresse

627 919 101/664 919 101

25 boulevard du commerce
Kaloum, Conakry, Guinée

Réseaux sociaux

Powered by Netsen Group @ 2025